[Event "EU-ch 20th"]
[Site "Skopje"]
[Date "2019.03.29"]
[Round "11"]
[White "Santos Latasa, Jaime"]
[Black "Zoler, Dan"]
[Result "1-0"]
[WhiteElo "2582"]
[BlackElo "2513"]
[PlyCount "181"]
[EventDate "2019.03.18"]
[EventType "swiss"]
[EventRounds "11"]
[EventCountry "MKD"]
[SourceTitle "CBM 189"]
[Source "ChessBase"]
[SourceDate "2019.04.29"]
[SourceVersion "1"]
[SourceVersionDate "2019.04.29"]
[SourceQuality "1"]

1. d4 d5 2. c4 c6 3. Nf3 Nf6 4. e3 Bg4 5. h3 Bxf3 6. Qxf3 e6 7. Nc3 Nbd7 8. Bd2 Bb4 9. Bd3 0-0 10. a3 Ba5 11. 0-0 e5 12. cxd5 cxd5 13. Qf5 g6 14. Qg5 Re8 15. dxe5 Rxe5 16. Qf4 Qe7 17. b4 Bb6 18. Rac1 Re8 19. Na4 Ne4 20. Bxe4 Rxe4 21. Qg3 Rc4 22. Nc3 Qe5 23. Qf3 d4 24. exd4 Rxd4 25. Rce1 Qb8 26. Bh6 Rh4 27. Bf4 Ne5 28. Qg3 Rh5 29. Ne4 Bd8 30. Nc5 Bc7 31. Qc3 Rf5 32. Bg3 Qc8 33. Ne4 Bb8 34. Qb3 Qc6 35. Nd2 Rd8 36. Rc1 Qb6 37. Ne4 Nd3 38. Rcd1 Bxg3 39. Rxd3 Rxd3 40. Qxd3 Be5 41. Rd1 Kg7 42. g3 h5 43. h4 a6 44. Rd2 a5 45. b5 a4 46. Kg2 Qe6 47. Nc5 Qe7 48. Nxa4 Bc7 49. Nb2 Ba5 50. Rc2 Rxb5 51. Re2 Qc5 52. Nc4 Qd5+ 53. Qxd5 Rxd5 54. Re7 b6 55. Rb7 Kg8 56. Nxb6 Rb5 57. Rb8+ Kg7 58. Nd7 Rd5 59. Rb7 Be1 60. Kf1 Bc3 61. Rc7 Bd4 62. a4 Ra5 63. Rc4 Ba7 64. f4 Rd5 65. Ne5 Rd1+ 66. Ke2 Ra1 67. Rc7 Ra2+ 68. Kf3 Ra3+ 69. Kg2 Ra2+ 70. Kh3 Bg1 71. Rxf7+ Kg8 72. g4 Bd4 73. Rf6 hxg4+ 74. Kxg4 Bxe5 75. fxe5 Rxa4+ 76. Kg5 Kh7 77. Rf7+ Kg8 78. Rf4 Ra6 79. Rf6 Ra5 80. Rxg6+ Kf7 81. Rf6+ Ke7 82. Kf5 Ra1 83. h5 Rf1+ 84. Kg6 Rg1+ 85. Kh6 Rg2 86. Kh7 Rg5 87. h6 Rxe5 88. Kg7 Rh5 89. Rg6 Rf5 90. h7 Rf7+ 91. Kh6 1-0

[Event "EU-ch 20th"]
[Site "Skopje"]
[Date "2019.03.26"]
[Round "8"]
[White "Zoler, Dan"]
[Black "Di Benedetto, Edoardo"]
[Result "1-0"]
[WhiteElo "2513"]
[BlackElo "2394"]
[PlyCount "75"]
[EventDate "2019.03.18"]
[EventType "swiss"]
[EventRounds "11"]
[EventCountry "MKD"]
[SourceTitle "CBM 189"]
[Source "ChessBase"]
[SourceDate "2019.04.29"]
[SourceVersion "1"]
[SourceVersionDate "2019.04.29"]
[SourceQuality "1"]

1. d4 e6 2. c4 Nf6 3. Nf3 d5 4. Nc3 Be7 5. Bf4 0-0 6. e3 b6 7. Bd3 dxc4 8. Bxc4 Ba6 9. Qe2 Qc8 10. Rc1 Qb7 11. 0-0 Bxc4 12. Qxc4 Na6 13. Bg5 c5 14. e4 cxd4 15. Nxd4 Rac8 16. Qe2 Rfd8 17. Ndb5 Nc5 18. e5 Ne8 19. Bxe7 Qxe7 20. Rfd1 a6 21. Nd4 b5 22. g3 Nd7 23. Qe4 Nb6 24. Nce2 Qd7 25. Kg2 Rxc1 26. Rxc1 Nc7 27. Rc6 Ncd5 28. Rd6 Qc7 29. Rxd8+ Qxd8 30. Nc6 Qc7 31. Ned4 Nc4 32. b3 Na5 33. Nb4 Qb7 34. Nxd5 exd5 35. Qc2 Qd7 36. Qc5 Qd8 37. Qa7 Qc8 38. Qb6 1-0

[Event "EU-ch 20th"]
[Site "Skopje"]
[Date "2019.03.25"]
[Round "7"]
[White "Drnovsek, Gal"]
[Black "Zoler, Dan"]
[Result "1/2-1/2"]
[WhiteElo "2402"]
[BlackElo "2513"]
[PlyCount "100"]
[EventDate "2019.03.18"]
[EventType "swiss"]
[EventRounds "11"]
[EventCountry "MKD"]
[SourceTitle "CBM 189"]
[Source "ChessBase"]
[SourceDate "2019.04.29"]
[SourceVersion "1"]
[SourceVersionDate "2019.04.29"]
[SourceQuality "1"]

1. d4 f5 2. Nf3 Nf6 3. g3 g6 4. Bg2 Bg7 5. 0-0 0-0 6. b3 d6 7. Bb2 c6 8. c4 Na6 9. Nc3 Rb8 10. d5 e5 11. dxe6 Bxe6 12. Ng5 Qe7 13. Qd2 h6 14. Nxe6 Qxe6 15. Rad1 Rbd8 16. Ba3 Rd7 17. Qc2 Re8 18. e3 Nc7 19. Rfe1 d5 20. cxd5 cxd5 21. Ne2 Qf7 22. Bb2 Red8 23. Rc1 Ne6 24. Nd4 Ne4 25. Qd3 a6 26. Nxe6 Qxe6 27. Bxg7 Kxg7 28. Qd4+ Qf6 29. Red1 h5 30. h4 Kf7 31. Qb4 g5 32. Qd4 gxh4 33. Qxf6+ Kxf6 34. gxh4 Rg8 35. Kf1 Ke5 36. Bf3 Rgg7 37. Rc2 f4 38. Bxe4 dxe4 39. Rc5+ Kf6 40. Rxd7 Rxd7 41. exf4 Rd2 42. a4 Rb2 43. Rxh5 Rxb3 44. Re5 Rh3 45. Rxe4 Rxh4 46. Rb4 Rh7 47. Ke2 Kf5 48. a5 Rc7 49. Ke3 Rc5 50. Rxb7 Rxa5 1/2-1/2

[Event "ISR-chT"]
[Site "Israel"]
[Date "2019.03.09"]
[Round "10.3"]
[White "Zoler, Dan"]
[Black "Erenberg, Ariel"]
[Result "0-1"]
[WhiteElo "2503"]
[BlackElo "2409"]
[PlyCount "116"]
[EventDate "2019.01.04"]
[EventType "team-tourn"]
[EventRounds "11"]
[EventCountry "ISR"]
[SourceTitle "CBM 189 Extra"]
[Source "ChessBase"]
[SourceDate "2019.06.03"]
[SourceVersion "1"]
[SourceVersionDate "2019.06.03"]
[SourceQuality "1"]
[WhiteTeam "Herzliya"]
[BlackTeam "Kfar Saba Hapoel II"]
[WhiteTeamCountry "ISR"]
[BlackTeamCountry "ISR"]

1. d4 Nf6 2. c4 e6 3. Nf3 b6 4. g3 Ba6 5. b3 d5 6. cxd5 exd5 7. Bg2 Bb4+ 8. Bd2 Bd6 9. 0-0 0-0 10. Nc3 Re8 11. Re1 Nbd7 12. Qc2 Rc8 13. e4 dxe4 14. Nxe4 Nxe4 15. Rxe4 Rxe4 16. Qxe4 Nf6 17. Qc6 Qe8 18. Qc2 Bb7 19. Re1 Qb5 20. a4 Qh5 21. Ne5 Bxg2 22. Kxg2 Bxe5 23. dxe5 Ng4 24. h3 Nxe5 25. Qe4 f6 26. f4 Rd8 27. Bc3 Nd3 28. Qc6 Qd5+ 29. Qxd5+ Rxd5 30. Re7 Rc5 31. Bd4 Rc2+ 32. Kf3 a5 33. Rd7 Nc1 34. Rd8+ Kf7 35. Rd7+ Kf8 36. f5 Nxb3 37. Be3 Rc6 38. g4 h6 39. h4 Nc5 40. Rd4 Ke7 41. Bf4 Nd7 42. Re4+ Kf7 43. Rd4 Rc3+ 44. Ke2 Ke7 45. Re4+ Kd8 46. Rd4 Rh3 47. g5 hxg5 48. hxg5 Rc3 49. g6 Rc5 50. Kf3 Rxf5 51. Rd1 Rc5 52. Kg4 Ke7 53. Re1+ Ne5+ 54. Kf5 Kf8 55. Be3 Rc3 56. Bf4 Rc4 57. Bd2 Rxa4 58. Rh1 Ra2 0-1

[Event "ISR-chT"]
[Site "Israel"]
[Date "2019.03.08"]
[Round "9.5"]
[White "Smirin, Ilia"]
[Black "Zoler, Dan"]
[Result "1-0"]
[WhiteElo "2610"]
[BlackElo "2503"]
[PlyCount "75"]
[EventDate "2019.01.04"]
[EventType "team-tourn"]
[EventRounds "11"]
[EventCountry "ISR"]
[SourceTitle "CBM 189 Extra"]
[Source "ChessBase"]
[SourceDate "2019.06.03"]
[SourceVersion "1"]
[SourceVersionDate "2019.06.03"]
[SourceQuality "1"]
[WhiteTeam "Ashdod Elite"]
[BlackTeam "Herzliya"]
[WhiteTeamCountry "ISR"]
[BlackTeamCountry "ISR"]

1. e4 c5 2. Nf3 d6 3. d4 cxd4 4. Nxd4 Nf6 5. Nc3 a6 6. Be3 Ng4 7. Bg5 h6 8. Bc1 Nf6 9. Bd3 Nc6 10. Nxc6 bxc6 11. f4 e5 12. Qf3 Be7 13. 0-0 0-0 14. Kh1 Qc7 15. fxe5 dxe5 16. Na4 Be6 17. b3 Nd7 18. Be3 Bg5 19. Bg1 g6 20. Qe2 Qb7 21. Rad1 Be7 22. h3 a5 23. Rf3 Kg7 24. Bc4 Bxc4 25. Qxc4 Rad8 26. Rdf1 f6 27. Rd3 Rfe8 28. Rfd1 Nf8 29. Bb6 Ra8 30. R3d2 h5 31. Kh2 Ra6 32. Bc5 Qb5 33. Qc3 Ne6 34. Rd7 Kf7 35. Qe3 Raa8 36. c4 Qb8 37. Qh6 Ng5 38. h4 1-0

[Event "ISR-chT"]
[Site "Israel"]
[Date "2019.02.15"]
[Round "5.1"]
[White "Soffer, Ram"]
[Black "Zoler, Dan"]
[Result "0-1"]
[WhiteElo "2477"]
[BlackElo "2503"]
[PlyCount "124"]
[EventDate "2019.01.04"]
[EventType "team-tourn"]
[EventRounds "11"]
[EventCountry "ISR"]
[SourceTitle "CBM 188 Extra"]
[Source "ChessBase"]
[SourceDate "2019.02.26"]
[SourceVersion "1"]
[SourceVersionDate "2019.02.26"]
[SourceQuality "1"]
[WhiteTeam "Tel Aviv Har Tsvi"]
[BlackTeam "Herzliya"]
[WhiteTeamCountry "ISR"]
[BlackTeamCountry "ISR"]

1. e4 c5 2. Nf3 d6 3. Bb5+ Bd7 4. Bxd7+ Qxd7 5. c4 Nc6 6. d4 cxd4 7. Nxd4 Nf6 8. Nc3 g6 9. b3 Bg7 10. Bb2 0-0 11. 0-0 a6 12. Re1 e6 13. Rc1 Nxd4 14. Qxd4 b5 15. cxb5 axb5 16. Qb4 Rfb8 17. Rcd1 Ne8 18. Ba1 Qc6 19. Rc1 Qb6 20. Red1 Qa5 21. Qxa5 Rxa5 22. a4 bxa4 23. bxa4 Rc8 24. Nb5 Rxc1 25. Rxc1 Rxa4 26. Bxg7 Kxg7 27. f3 Kf8 28. Rc8 Ke7 29. Rb8 Ra1+ 30. Kf2 Ra2+ 31. Kg3 Nf6 32. Rb7+ Nd7 33. Rc7 d5 34. exd5 exd5 35. Nd4 Ra4 36. Ne2 Kd6 37. Rc2 Nc5 38. Rd2 Ra3 39. Rb2 Ke5 40. Rb5 Ne4+ 41. Kh3 Nd6 42. Rc5 Rd3 43. Rc7 h5 44. Re7+ Kf6 45. Rd7 Ke6 46. Nf4+ Kxd7 47. Nxd3 Kc6 48. g4 hxg4+ 49. fxg4 d4 50. Kg3 Kd5 51. h4 Ke4 52. Nc5+ Ke3 53. h5 d3 54. Na4 Ne4+ 55. Kg2 d2 56. Nb2 Ke2 57. h6 Ng5 58. Kg3 d1Q 59. Nxd1 Kxd1 60. Kf4 f6 61. Ke3 Ke1 62. Kd4 Kf2 0-1

[Event "ISR-chT"]
[Site "Israel"]
[Date "2019.02.08"]
[Round "3.1"]
[White "Zubov, Alexander"]
[Black "Zoler, Dan"]
[Result "1/2-1/2"]
[WhiteElo "2598"]
[BlackElo "2503"]
[PlyCount "121"]
[EventDate "2019.01.04"]
[EventType "team-tourn"]
[EventRounds "11"]
[EventCountry "ISR"]
[SourceTitle "CBM 188 Extra"]
[Source "ChessBase"]
[SourceDate "2019.02.26"]
[SourceVersion "1"]
[SourceVersionDate "2019.02.26"]
[SourceQuality "1"]
[WhiteTeam "Petah Tikva Elitzur Dov"]
[BlackTeam "Herzliya"]
[WhiteTeamCountry "ISR"]
[BlackTeamCountry "ISR"]

1. d4 d5 2. c4 c6 3. Nc3 Nf6 4. e3 e6 5. b3 Nbd7 6. Bb2 b6 7. Nf3 Bb7 8. Bd3 Bd6 9. 0-0 0-0 10. Rc1 Qe7 11. Qe2 dxc4 12. bxc4 e5 13. Qc2 Rfe8 14. Ne4 Nxe4 15. Bxe4 g6 16. c5 bxc5 17. dxe5 Nxe5 18. Nxe5 Bxe5 19. Bxe5 Qxe5 20. Bf3 Ba6 21. Rfe1 Rab8 22. Qxc5 Qxc5 23. Rxc5 Rb2 24. Ra5 Bc4 25. Rxa7 Bxa2 26. Bxc6 Rc8 27. Be4 Rd8 28. Rb7 Rxb7 29. Bxb7 Rb8 30. Be4 Be6 31. f4 Bf5 32. Bd5 Rb1 33. Kf2 Rxe1 34. Kxe1 Kf8 35. Kd2 Ke7 36. Kc3 h6 37. h4 h5 38. Kd4 Bd7 39. Bc4 Bc6 40. g3 Bd7 41. Bd3 f5 42. Ke5 Bc8 43. Bb5 Bb7 44. Be2 Bc8 45. Bf1 Be6 46. Bh3 Bd7 47. Bg2 Bc8 48. Bc6 Kf7 49. Ba8 Ke7 50. Bd5 Bd7 51. Bb7 Be6 52. Bg2 Bc8 53. Bf3 Kf7 54. Bd5+ Ke7 55. e4 fxe4 56. Bxe4 Kf7 57. f5 gxf5 58. Bxf5 Ba6 59. Be4 Kg7 60. Bf3 Kh6 61. Bxh5 1/2-1/2